| 000 | 01006nam a22002057a 4500 | ||
|---|---|---|---|
| 999 |
_c58222 _d58222 |
||
| 003 | Ge_BSU | ||
| 005 | 20210921144315.0 | ||
| 008 | 210921s2009 ge ||||| |||| 00| 0 geo d | ||
| 020 | _a9788776886837 | ||
| 041 | _ageo | ||
| 080 | _a159.9 ჰ-13 | ||
| 100 |
_aჰაბარდი, ლაფაიეტ რონალდ _912507 |
||
| 245 |
_aსამუშაოს პრობლემები : _bსაენტოლოგია ყოველდღიურ სამყაროში გამოსაყენებლად / _cლაფაიეტ რონალდ ჰაბარდი. |
||
| 264 |
_aSmedeland : _bNew-era, _c2009. |
||
| 300 |
_a190 გვ. : _bილ. _c23 სმ. |
||
| 440 |
_aნომერ პირველი საერთაშორისო ბესტსელერის - დიანეტიკის ავტორი. _912480 |
||
| 653 | _a ფსიქოლოგია | ||
| 653 | _aსაენტოლოგია | ||
| 942 |
_2udc _cBK |
||